| 000 | 00882nam a2200241 a 4500 | ||
|---|---|---|---|
| 001 | 40344 | ||
| 003 | BD-RjUL | ||
| 005 | 20211209053209.0 | ||
| 008 | 160428s2014 bg ||||| |||| 00| 0 ben d | ||
| 020 | _cTk. 550.00 | ||
| 035 | _a(BD-RjUL)40459 | ||
| 040 |
_aBD-RjUL _bben _cBD-RjUL |
||
| 041 | _aben | ||
| 082 |
_223 _a297.122 _bAHA 2014 |
||
| 100 |
_aআহমাদ, চৌধুরী আফতাবউদ্দীন _9124290 |
||
| 245 | 1 | 0 |
_aআল্লাহ বলেন = Creator Allah Speaks / _cচৌধুরী আফতাবউদ্দীন আহমাদ |
| 250 | _a১ম সং. | ||
| 260 |
_aঢাকা : _bমাদ্রাসা প্রেস, _c২০১৪ |
||
| 300 |
_a১৫০০ পৃ. ; _c২০ সেমি. |
||
| 650 |
_aইসলাম _xপবিত্র বই _9122595 |
||
| 650 |
_aIslam _xSacred books _9122596 |
||
| 942 |
_2ddc _cBK |
||
| 999 |
_c40344 _d40344 |
||